000 00451nam a2200181Ia 4500
001 21001
005 20260306172847.0
008 260306t2019||||xx |||||||||||||| ||spa||
041 _aESP
082 _a343.83
_bL99
100 _aLuque Livón, Liz Vanessa
_eAUT
245 0 _aRegímenes aduaneros y su implicancia tributaria
260 _c2019
300 _a31 páginas :
_c24 cm.
650 _aGEN
654 _aCCO
942 _cLIB
_dJUS
_fJUS
_2ddc
_n
999 _c21001
_d21001